[Event "Championnat 13"]
[Site "Vitrolles"]
[Date "2013.03.09"]
[Round "8"]
[White "Busson, Benoist"]
[Black "Flores, Adrian"]
[Result "0-1"]
[WhiteElo "1957"]
[BlackElo "1922"]
[PlyCount "50"]
[EventDate "2012.??.??"]
[EventType "swiss"]
[EventRounds "6"]
[EventCountry "FRA"]
[SourceDate "2005.09.12"]

1. e4 c5 2. a3 Nc6 3. Nc3 d6 4. f4 {l'attaque grand prix} g6 5. Nf3 Bg7 6. Bc4
e6 7. f5 exf5 8. d3 {Diagramme [#]} Ne5 9. Nxe5 Bxe5 10. Qf3 Nf6 11. exf5 Bxf5
12. Qxb7 O-O 13. Bg5 Rb8 14. Qxa7 Rxb2 15. Nd5 h6 16. Ne7+ Kg7 17. Bh4 Bc3+ 18.
Kd1 Qd7 19. Qxd7 Bxd7 20. Rf1 Rfb8 21. h3 Ba4 22. Bb3 R2xb3 23. Bxf6+ Bxf6 24.
cxb3 Rxb3 25. Rf4 Rb4+ 0-1

[Event "Championnat 13"]
[Site "Vitrolles"]
[Date "2013.03.09"]
[Round "8"]
[White "Chauvet, Jean-Marc"]
[Black "Estevez, Eric"]
[Result "1/2-1/2"]
[WhiteElo "1936"]
[BlackElo "1939"]
[Annotator "Gozzoli,Y"]
[PlyCount "158"]
[EventDate "2012.??.??"]
[EventType "swiss"]
[EventRounds "6"]
[EventCountry "FRA"]
[SourceDate "2005.09.12"]

1. e4 e5 2. Nf3 Nc6 3. Bb5 Nd4 {La défense Bird de l'Espagnole, une ouverture
qui n'a pas une bonne réputation mais qui reste jouable. Je me souviens que
Khalifman avait essayé cet oiseau rare contre Kasparov et avait obtenu la
nulle dans la première partie mais fût massacré dans la seconde !} 4. Nxd4 exd4
5. O-O {la réaction logique.} Bc5 (5... c6 6. Bc4 d5 7. exd5 cxd5 8. Bb5+ Bd7
9. Re1+ Ne7 10. c4 $1 {Kasparov,G-Khalifman,A Moscou 2002}) 6. c3 $6 {logique
à première vue, mais pourquoi ouvrir la diagonale de ce B ? Normalement les
Blancs doivent jouer d3, puis prendre de l'espace à l'aile-K par f2-f4 suivi
de Nd2-Nf3 etc...} (6. Bc4 d6 7. d3 {sermble être une continuation
intéréssante.} Qe7 $6 (7... Ne7 8. Nd2 $14) 8. f4 Nf6 9. f5 $1 {affaibli e5
mais ferme la diagonale du Bc8 et prépare l'attaque de l'aile-K comme dans le
grand classque Lasker-Capablanca Saint-Petersbourgh 1914.} Nd7 10. Qh5 Ne5 11.
Bg5 $1 Qf8 12. Nd2 $16 {1-0 Vachier Lagrave,M (2718)-Howell,D (2624)/Puerto
Madryn 2009}) 6... c6 7. Bc4 d5 $6 {ce n'est jamais une bonne idée d'ouvrir le
centre quand le K s'y trouve encore même si ce n'est pas si simple pour les
Blancs de réfuter la conception adverse.} (7... d6 {est plus adéquate.}) 8.
exd5 cxd5 9. Bb5+ {pas assez tranchant.} (9. Qb3 $5 dxc4 10. Qb5+ Bd7 11. Qxc5
Ne7 $1 12. Qxc4 Bf5 $44 {Les Blancs vont devoir rendre du matériel pour
libérer leur aile-Q et la faiblesse du pion 'd' en plus de la présence des B
de couleurs opposées donnent de bonnes compensations aux Noirs.}) 9... Bd7 10.
Qe2+ $6 (10. Bxd7+ Qxd7 11. b3 dxc3 (11... Ne7 12. Ba3 Bxa3 13. Nxa3 dxc3 14.
dxc3 O-O 15. Re1 $14 {/=}) 12. Nxc3 Ne7 13. Bb2 $11) 10... Ne7 11. cxd4 Bxd4 {
Les Blancs ont pleinement justifié la conception adverse et les Noirs ont
maintenant une excellente position et l'avantage de développement !} 12. Nc3
O-O {ce sont maintenant les Blancs qui doivent chercher à égaliser.} 13. Qd3
Bc5 $6 {Diagramme [#] pas la bonne diagonale.} (13... Be5 14. Bxd7 Qxd7 15. f4
Qf5 $1 16. Qxf5 Bd4+ 17. Kh1 Nxf5 18. Nxd5 Rfe8 $15) (13... Bxb5 $5 14. Qxb5
Qd6 15. d3 Rac8 $15) 14. Bxd7 Qxd7 15. b3 $1 {le bon développement des pièces.}
Rfe8 16. Bb2 Rad8 17. Rac1 b6 {la position est maintenant équilibrée bien que
la position noire semble être plus agréable à jouer.} 18. Ne2 $6 {Les Blancs
veulent occuper la case d4 mais la position noire peut rapidement devenir
dangereuse.} (18. Na4 $1 Bd6 19. Rfe1 {est meilleur.}) 18... d4 $1 19. a3 a5
20. Rc4 $6 (20. Rfe1 Ng6 21. Ng3 Ne5 $15) 20... Nc6 $1 $17 {la position
blanche est très étroite et passive et il est difficile de proposer un bon
plan pour eux !} 21. f4 $6 {pour empêcher Ne5 mais affaiblit la position du K}
(21. Rcc1 Ne5 22. Qg3 Ng6 23. Qd3 Qg4 $17) 21... Rxe2 $1 $19 22. Rxc5 (22. Qxe2
d3+ $19) 22... Rxg2+ 23. Kxg2 bxc5 {Les Noirs ont gagné un pion, le Bb2 est
hors-jeu et les tous les pions blancs sont des faiblesses.} 24. Qf3 {forcé
pour couvrir la grande diagonale.} Re8 25. Rc1 Qd6 26. Kf2 f5 $6 {je n'aime
pas ce coup. La case f5 est plutôt réservé au Nc6 (via e7). De plus les Noirs
ne peuvent plus faire coulisser leur R sur la 6ème rangée pour attaquer f4.} (
26... Ne7 27. Re1 Rb8 28. Kg1 Ng6 $19) 27. Re1 Rxe1 28. Kxe1 {La position
blanche est toujours délicate mais leur K s'est activé et peut rapidement se
rendre en c4 en cas d'échange des Q.} Ne7 29. Qa8+ Kf7 30. Qxa5 Qe6+ 31. Kd1
Qxb3+ 32. Kc1 Qc4+ 33. Kb1 {Diagramme [#]} Qd5 $6 (33... Nd5 $1 {s'imposait,
je ne vois pas comment les Blancs peuvent générer du contre-jeu.} 34. Qa7+ (34.
Qd8 Nf6 $1 {et les menaces Qf1-Qxf4 et/ou Ne4 (en intercallant d'abord h7-h6
pour pouvoir cacher le K) sont difficiles à parer.}) 34... Kg6 {et il n'y a
plus d'échec !}) 34. Qb5 $5 {maintenant les Blancs ont du contre-jeu grâce au
pion 'a'.} (34. h4 $142) 34... Qc6 $6 {Une grosse faute qui compromet
sérieusement les chances de gains des Noirs.} (34... g5 $3 {était très dur à
trouver mais semble gagner facilement !} 35. fxg5 f4 36. Qd3 f3 37. Qxh7+ Ke8
38. Qh8+ Kd7 $19 {et le pion 'f' est impossible à arrêter car} 39. Qh3+ {se
heurte à} Qf5+ $1) 35. Qc4+ $2 {donne une seconde chance aux Noirs !} (35. a4
$1 Qxb5 36. axb5 Ke6 37. b6 Kd6 (37... Nc6 $144 38. Ba3 Kd5 39. b7) 38. Ba3 $1
Nc6 (38... Kc6 $6 39. b7 Kxb7 40. Bxc5 Nc6 41. Kc2 $11) 39. b7 Kd5 40. Kc2 $17
{et les Noirs vont devoir travailler pour valoriser leur pion de plus !}) 35...
Qd5 36. Qb5 Ke6 $6 (36... g5 $3 $19) 37. a4 $1 $132 Nc6 $6 (37... g5 {était
encore la meilleure option pour jouer le gain.}) 38. Ba3 $1 {les Blancs ont
réussi à mobiliser leurs pièces et ont maintenant un sérieux contre-jeu.} c4 (
38... g5 $5) 39. Qb7 c3 $2 {Les Noirs ont trouvé la bonne idée mais se
précipitent !} (39... Qe4+ $1 40. Kb2 (40. Kc1 c3 $1 41. dxc3 Qxf4+ $19) 40...
c3+ $1 41. dxc3 dxc3+ 42. Kxc3 Qd4+ 43. Kc2 Qxa4+ 44. Kb1 $17) 40. Qc8+ Qd7 $2
{Une erreur qui perd l'avantage.} (40... Kf6 41. Qf8+ Kg6 42. Qd6+ Qxd6 43.
Bxd6 cxd2 44. Kc2 Kf6 45. Kxd2 Ke6 $15) 41. Qxd7+ $6 {pas la manière la plus
précise d'échanger les Q !} (41. Qg8+ $1 {éloigne le K du pion 'a'} Kf6 (41...
Qf7 {voir 43...Kg6}) 42. dxc3 dxc3 43. Qf8+ Ke6 $11 (43... Kg6 44. Qd6+ Qxd6
45. Bxd6 Kf6 46. Kc2 Ke6 47. Bf8 g6 48. Kxc3 {et seul les Blancs peuvent
maintenant envisager de gagner !})) 41... Kxd7 42. dxc3 dxc3 43. Kc2 Nd4+ 44.
Kxc3 Ne2+ 45. Kc4 Nxf4 $15 {Les Noirs ont des chances de gain mais le pion
passé va mobiliser une pièce noire et faire donc diversion pour que les deux
pièces blanches aillent éliminer les pions noirs.} 46. a5 $6 (46. h4 Kc6 47.
Bc1 Nd5 48. Kd4 g6 49. Bg5 {et les Noirs sont impuissants face à la manoeuvre
Ke5 suivi de h4-h5 qui élimine les pions noirs.}) 46... Ne6 (46... Nh3 $1 {
était une tentative intéréssante. Le pion h2 ne peut plus aider à la
destruction de la phalange de pions adverse et le N va contrôler l'avance du
pion f4. Les Blancs doivent encore pouvoir annuler mais vont devoir faire
preuve d'une certaine précision technique.} 47. Bb2 $1 g5 48. Kd5 $1 Kc8 49. a6
$1 Kb8 50. Ke6 $1 f4 51. Bd4 $1 {contrôle a7 et f2 ! Et oui c'est fort un B !}
f3 (51... h6 52. a7+ Kb7 53. Kf5 h5 54. Kg6 h4 55. Kf5 f3 56. Kg4 f2 57. Bxf2
$1 Nxf2+ 58. Kxg5 h3 59. Kf4 Kxa7 60. Kg3 $11) 52. Kf5 f2 (52... h6 53. Kg6 f2
54. Bxf2 Nxf2 55. Kxh6 g4 56. Kg5 Ka7 57. Kf4 Kxa6 58. Kg3 $11) 53. Bxf2 Nxf2
54. Kxg5 $11) 47. a6 Kc6 48. a7 Nc7 $11 {la finale est maintenant nulle.} 49.
Bb2 g5 50. Be5 Na8 51. Bf6 g4 52. Bg5 Kb7 53. Kd5 Kxa7 54. Ke5 Kb7 55. Kxf5 Kc8
56. Kxg4 Kd7 57. Kh5 Nc7 58. Kh6 Ke6 59. Kxh7 Kf7 60. Kh6 Ne6 61. Be3 Kg8 62.
Kg6 Nf8+ 63. Kf6 Kh7 64. h4 Ng6 65. h5 Nh4 66. Kg5 Nf3+ 67. Kf4 Ne1 68. Ke4 Nc2
69. Bf4 Nb4 70. Bg5 Nc6 71. Kd5 Nd8 72. Bf4 Nb7 73. Bd2 Kh8 74. Kc6 Nd8+ 75.
Kd7 Nf7 76. Bf4 Kh7 77. Ke7 Ne5 78. Bxe5 Kh6 79. Kf6 Kxh5 1/2-1/2

[Event "Championnat 13"]
[Site "Vitrolles"]
[Date "2013.03.09"]
[Round "8"]
[White "Faure, Alexandre"]
[Black "Anton, Jose"]
[Result "1/2-1/2"]
[WhiteElo "1852"]
[BlackElo "1903"]
[Annotator "Gozzoli,Y"]
[PlyCount "65"]
[EventDate "2012.??.??"]
[EventType "swiss"]
[EventRounds "6"]
[EventCountry "FRA"]
[SourceDate "2005.09.12"]

1. e4 e5 2. Nf3 Nc6 3. d4 exd4 4. Nxd4 Qh4 $6 {Diagramme [#] Une variante rare,
inventéé au 19ème siècle par Howard Staunton, à la réputation douteuse.
Cependant les Blancs doivent réagir correctement !} 5. Nc3 Bb4 {Voilà l'idée,
les Noirs mettent la pression sur le pion e4. Le piège pour les Blancs étant
d'essayer de le protéger !} 6. Be2 $1 {La bonne réaction, les Blancs décident
d'accélérer leur développement au prix du pion e4.} Qxe4 (6... Nf6 7. O-O Bxc3
{est une autre tentative, mais ici, le futur Champion du Monde, Rustam
Kasimdzhanov, joua} 8. Nf5 $1 Qxe4 9. Bd3 $1 Qg4 10. f3 $1 Qa4 11. bxc3 {
(Kasimdzhanov,R-Vladimirov,E Namagan 2000) et les Noirs ont de sérieux
problèmes puisque} O-O {se heurte au superbe} 12. Nxg7 $1 Kxg7 13. Bh6+ $3 Kg8
(13... Kxh6 14. Qd2+ Kg7 (14... Kh5 15. g4+ Nxg4 16. fxg4+ Qxg4+ 17. Kh1 $18)
15. Qg5+ Kh8 16. Qxf6+ Kg8 17. Qg5+ Kh8 18. Qh6 {et les Noirs ne peuvent parer
le mat en h7 ou f8.}) 14. Qd2 Qh4 (14... Qa5 15. Bxf8 Kxf8 16. Qh6+ {gagne le
Nf6}) 15. Bg5 Qh5 16. Bxf6 $18) 7. Ndb5 $1 {La bonne continuation ! Les Noirs
soulignent l'absence de protection du pion c7.} Nf6 $6 {Une continuation rare.}
(7... Kd8 {et}) (7... Bxc3+ 8. bxc3 Kd8 {sont les suites théoriques connues.})
8. O-O $5 {Intéréssant, les Blancs continuent leur idée initiale de sacrifier
un pion pour l'initiative et le développement.} ({Mais pourquoi ne pas manger
la Ra8 ?} 8. Nxc7+ Kd8 9. Nxa8 Qxg2 10. Rf1 Re8 11. Be3 b6 {semble être une
suite de coups forcées. SI les Blancs arrivent à mettre leur K à l'abri, ils
pourront tranquillement chercher à convertir leur avantage matériel. Mais ce
n'est pas si simple.} 12. Nxb6 (12. a3 Bxc3+ 13. bxc3 Re6 $132 {avec du
contre-jeu, le K blanc n'ayant plus d'abri sûr.}) (12. Qd3 {avec l'idée 0-0-0
se heurte à} Ne5 13. Qd4 Bxc3+ 14. Qxc3 Nd5 15. Qd4 Nf3+ 16. Bxf3 Qxf3 $132)
12... axb6 13. Qd3 $1 {avec l'idée 0-0-0} Ne5 14. Qb5 $18 {la nuance par
rapport à 12.Qd3, b6 est en l'air sur échec. Je ne vois pas comment les Noirs
peuvent générer du contre-jeu ici.}) 8... Bxc3 9. bxc3 Kd8 {Diagramme [#]} 10.
Be3 $44 {Les Blancs ont de fortes compensations pour le pion sacrifié.
Cependant la position noire est solide et il est difficile d'ouvrir la
position du K noir.} Nd5 {Techniquement une nouveauté.} (10... Re8 11. Re1 Qd5
12. Qc1 Qf5 $6 (12... d6 $142) 13. Qa3 $1 d6 14. Rad1 Re7 15. c4 $40 {1-0
Azmaiparashvili,Z (2585)-Hector,J (2465)/San Sebastian 1991/TD (24)}) (10... d6
$5) (10... Re8) 11. Bc5 $6 {pas la bonne diagonale pour le B !} (11. Bg5+ $1 f6
12. Bd3 Qe7 13. c4 $1 Ndb4 (13... fxg5 14. cxd5 Ne5 15. d6 $1 cxd6 16. Be4 $16)
14. Re1 Ne5 15. Bd2 $16 {Les pièces noires manquent terriblement d'harmonie et
doivent faire face à une forte initiative blanche.}) 11... Qe5 (11... Nf4 $5
12. Bf3 Qe5 13. Be3 Nxg2 $1 14. Bxg2 Qxb5 15. Qg4 $13) 12. Bd4 Nxd4 13. cxd4
Qg5 $13 {Les Noirs ont réussi à fermer la colonne 'd' et à échanger le fort B
de cases noires adverse. Ils sont toujours en danger mais les Blancs le sont
aussi puisqu'ils doivent chercher de l'activité pour justifier leur sacrifice.}
14. Bf3 (14. c4 $5 Nf4 15. Bf3 d5 16. cxd5 Bh3 17. Qc2 $1 Rc8 18. g3 Bxf1 19.
Rxf1 $13) 14... d6 $6 (14... a6 $1 {Il faut chasser ce dangereux N} 15. h4 $1
Qf6 (15... Qxh4 16. Nd6 $1 cxd6 17. Bxd5 $36) 16. Na3 Ne7 17. g3 $13) 15. h4 $1
Qf5 16. g4 $6 {trop ambitieux !} (16. c4 $1 Nf4 17. c5 $1 {avec une forte
initiative.}) 16... Qf4 $5 (16... Qd7 $1 {posait de gros problèmes aux Blancs.}
17. Bxd5 Qxb5 18. c4 Qd7 19. Bf3 h5 $1 20. gxh5 Qh3 $40 {et c'est le K blanc
qui est maintenant sous le feu de l'ennemi.}) 17. Bxd5 Bxg4 $6 (17... c6 $1 18.
Qd3 $1 (18. Nxd6 cxd5 19. Nxc8 Rxc8 20. Rb1 Rc3 $40) 18... cxd5 19. Qg3 $1
Qxg3+ 20. fxg3 f6 21. Nxd6 Kc7 22. Nf5 Bxf5 23. Rxf5 Rhd8 $11 {mais les
chances noires sont préférables.}) 18. f3 $4 (18. Qc1 $1 Qxc1 19. Rfxc1 c6 20.
Nxd6 {gagnait du matériel.}) 18... Qg3+ {pas le plus précis.} (18... Bh3 $1 {
menacant Qg3 mat.} 19. Qe2 Re8 $1 {Un coup précis qui soustrait la R à la
fourchette en f7.} 20. Qh2 (20. Qf2 Bxf1 21. Rxf1 c6 $19) 20... Qxh2+ 21. Kxh2
Bxf1 22. Rxf1 c6 23. Nxd6 Re2+ $19) 19. Kh1 Qh3+ 20. Kg1 Qg3+ 21. Kh1 Qxh4+ 22.
Kg1 Qg3+ 23. Kh1 Qh4+ 24. Kg1 Bh3 $1 {Les joueurs ont fait preuve de beaucoup
d'énergie dans cette partie ! Les Noirs sont tout proche de la victoire.} 25.
f4 {Le seul coup ! le Bd5 défend la case g2.} Bxf1 26. Qxf1 c6 $6 (26... a6 $1
{gagnait sur le champ puisque sur toute retraite du N sur la 3ème rangée
suivrait Qg3+ et prise du N en a3 ou c3 !}) 27. Nxd6 $1 {Maintenant les Blancs
sont encore dans la partie !} cxd5 28. Nxf7+ Ke7 29. Nxh8 Qg3+ 30. Kh1 Qh4+ 31.
Kg1 Qg3+ (31... Qg4+ {était important pour contrôler la case e2.} 32. Kh2 Rxh8
33. Qe1+ Kf7 $17) 32. Kh1 Qh4+ $2 {Certainement sous la pression du temps les
Noirs décident de répéter les coups.} (32... Rxh8 33. Qe2+ $1 {voilà la
différence avec 31...Qg4+} Kd7 (33... Kf7 34. Qh5+ Ke7 35. Qe5+ $11) 34. Re1 $1
Qxf4 35. Qb5+ Kd8 36. Qxd5+ Kc8 37. Qe6+ Kb8 38. Qe3 {et les Blancs ont des
chances de nulle.}) 33. Kg1 {Quel combat !} 1/2-1/2